000 00751nam a2200241Ia 4500
001 dia_4012
003 CHAP
005 20251014163950.0
008 220117s1996 xx 000 0 und d
010 _a174632
040 _amxchpua
_erda
090 _aFOLLETO 2557
100 _aMerino Sepulveda, Augusto A.
_974988
245 _aEl sector hortícola de México y Estados Unidos, evolución en cifras 1970-1994 /
_c Augusto A. Merino Sepulveda y otros
260 _aChapingo, México :
_b UACh, CIESTAAM,
_c1996
300 _a75 p.
500 _aD.
650 _aHorticultura
_xEstadísticas
_956329
901 _aFOLLETO 2557
902 _aM
905 _a0000001996 mx 0000000000spa00
942 _cFOLL
_2local
999 _c174632
_d174632